<?xml version="1.0" encoding="UTF-8"?>
<record
    xmlns:xsi="http://www.w3.org/2001/XMLSchema-instance"
    xsi:schemaLocation="http://www.loc.gov/MARC21/slim http://www.loc.gov/standards/marcxml/schema/MARC21slim.xsd"
    xmlns="http://www.loc.gov/MARC21/slim">

  <leader>03247nam a2200409 i 4500</leader>
  <datafield tag="952" ind1=" " ind2=" ">
    <subfield code="0">0</subfield>
    <subfield code="1">0</subfield>
    <subfield code="2">ddc</subfield>
    <subfield code="4">0</subfield>
    <subfield code="7">0</subfield>
    <subfield code="8">GEN</subfield>
    <subfield code="a">FUSBC</subfield>
    <subfield code="b">FUSBC</subfield>
    <subfield code="d">2020-03-25</subfield>
    <subfield code="e">Colecci&#xF3;n Dawn Christina Harrell</subfield>
    <subfield code="l">0</subfield>
    <subfield code="o">G 226.09505 C799p</subfield>
    <subfield code="p">21222</subfield>
    <subfield code="r">2020-03-25 00:00:00</subfield>
    <subfield code="t">Ej.1</subfield>
    <subfield code="w">2020-03-25</subfield>
    <subfield code="y">BK</subfield>
    <subfield code="I">INV2023</subfield>
  </datafield>
  <datafield tag="999" ind1=" " ind2=" ">
    <subfield code="c">65523</subfield>
    <subfield code="d">65523</subfield>
  </datafield>
  <controlfield tag="001">768714001</controlfield>
  <controlfield tag="003">CO-MdFUSB</controlfield>
  <controlfield tag="005">20200526122054.0</controlfield>
  <controlfield tag="008">200325t1993    mau |||| |||| 00| 0 eng d</controlfield>
  <datafield tag="020" ind1=" " ind2=" ">
    <subfield code="a">9781565630031</subfield>
  </datafield>
  <datafield tag="040" ind1=" " ind2=" ">
    <subfield code="a">CO-MdFUSB</subfield>
    <subfield code="b">spa</subfield>
    <subfield code="c">CO-MdFUSB</subfield>
    <subfield code="d">CO-MdFUSBC</subfield>
    <subfield code="e">rda</subfield>
  </datafield>
  <datafield tag="041" ind1=" " ind2=" ">
    <subfield code="a">eng</subfield>
  </datafield>
  <datafield tag="082" ind1=" " ind2=" ">
    <subfield code="2">23</subfield>
    <subfield code="a">226.09505</subfield>
    <subfield code="b">C799</subfield>
  </datafield>
  <datafield tag="100" ind1=" " ind2=" ">
    <subfield code="a">Corley, Kathleen.</subfield>
    <subfield code="e">autor</subfield>
  </datafield>
  <datafield tag="242" ind1=" " ind2=" ">
    <subfield code="a">Conflicto social en la tradici&#xF3;n sin&#xF3;ptica.</subfield>
    <subfield code="l">ingl&#xE9;s.</subfield>
  </datafield>
  <datafield tag="245" ind1="1" ind2=" ">
    <subfield code="a">Private Women, Public Meals : </subfield>
    <subfield code="b">Social conflict in the synoptic tradition.</subfield>
    <subfield code="c">/ Kathleen Corley</subfield>
  </datafield>
  <datafield tag="264" ind1=" " ind2="1">
    <subfield code="a">Massachusetts :</subfield>
    <subfield code="b">Baker Book House, </subfield>
    <subfield code="c">[1993]</subfield>
  </datafield>
  <datafield tag="264" ind1=" " ind2="4">
    <subfield code="c">&#xA9; 1993</subfield>
  </datafield>
  <datafield tag="300" ind1=" " ind2=" ">
    <subfield code="a">217 p&#xE1;ginas</subfield>
    <subfield code="c">;  24 cm</subfield>
  </datafield>
  <datafield tag="336" ind1=" " ind2=" ">
    <subfield code="2">rdacontent</subfield>
    <subfield code="a">texto</subfield>
    <subfield code="b">txt</subfield>
  </datafield>
  <datafield tag="337" ind1=" " ind2=" ">
    <subfield code="2">rdamedia</subfield>
    <subfield code="a">sin mediaci&#xF3;n</subfield>
    <subfield code="b">n</subfield>
  </datafield>
  <datafield tag="338" ind1=" " ind2=" ">
    <subfield code="2">rdacarrier</subfield>
    <subfield code="a">volumen</subfield>
    <subfield code="b">nc</subfield>
  </datafield>
  <datafield tag="500" ind1=" " ind2=" ">
    <subfield code="a">Colecci&#xF3;n Dawn Christina Harrell</subfield>
  </datafield>
  <datafield tag="505" ind1=" " ind2=" ">
    <subfield code="a">Parte 1: Mujeres en el cristianismo temprano y cenas comunitarias cristianas tempranas -- Historia  sobre mujeres en el cristianismo primitivo - Historia de las comidas comunitarias cristianas tempranas - Mujeres en el contexto de Comidas grecorromanas - Etiqueta de la mesa de las mujeres: el trasfondo - La influencia continua de la ideolog&#xED;a griega de las comidas -
Mujeres en p&#xFA;blico en la &#xFA;ltima Rep&#xFA;blica y principios del Imperio - Pr&#xE1;ctica e ideolog&#xED;a de comidas jud&#xED;as en la era grecorromana -- Mujeres cristianas y comidas p&#xFA;blicas: conclusiones sobre la etiqueta grecorromana de mesa y la ideolog&#xED;a de las comidas. Parte II: Mujeres y comidas en los evangelios sin&#xF3;pticos -- Mujeres y comidas en el Evangelio de Marcos -- Las mujeres que "siguen" y "sirven" (Marcos 15: 40-41) -- La suegra de Pedro (Marcos 1: 29-31) -- Comidas con "recaudadores de impuestos y pecadores" (Marcos 2:14 -17) -- Simposio de cumplea&#xF1;os de Herodes (Marcos 6: 14-29) -- La mujer sirofenicia (Marcos 7: 24-30) -
La mujer sin nombre que unge a Jes&#xFA;s (Marcos 14: 3-9) -- Marcos , mujeres y comidas: algunas conclusiones. Mujeres y comidas en el Evangelio de Lucas: Las "mujeres ministrantes" de Lucas 8: 1-3 -- La suegra de Pedro (Lucas 4: 38-39). -- El "pecador" que unge a Jes&#xFA;s en una comida ( Lucas 7: 36-50). -- Comidas con "recaudadores de impuestos y pecadores" -- Marta y Mar&#xED;a (Lucas 10: 38-42)Lucas, mujeres y comidas: algunas conclusiones.-- "Prostitutas" y la genealog&#xED;a Matthean (Mateo 1: 1-17). -- Recaudadores de impuestos, pecadores y cortesanos" (Mateo 9: 9-13; 11: 18-19; 21: 31-32).. -- Herodes fiesta de cumplea&#xF1;os (Mateo 14: 1-12) -- La alimentaci&#xF3;n de miles, incluidas las mujeres (Mateo 14: 13-21; 15: 32-39). -- La mujer cananea (Mateo 15: 21-28) -- La mujer quien unge a Jes&#xFA;s en una comida (Mateo 26: 6-13) -- Las mujeres que siguen y sirven (Mateo 27: 55-56) -- Mujeres y comidas en el Evangelio de Mateo: algunas conclusiones.</subfield>
  </datafield>
  <datafield tag="563" ind1=" " ind2=" ">
    <subfield code="a">R&#xFA;stico</subfield>
  </datafield>
  <datafield tag="630" ind1="0" ind2="7">
    <subfield code="a">Biblia</subfield>
    <subfield code="x">Cr&#xED;tica, interpretaci&#xF3;n, etc.</subfield>
  </datafield>
  <datafield tag="630" ind1="0" ind2="7">
    <subfield code="a">Biblia.</subfield>
    <subfield code="p">Evangelios</subfield>
  </datafield>
  <datafield tag="630" ind1="0" ind2="7">
    <subfield code="a">Biblia.</subfield>
    <subfield code="v">Lucas</subfield>
  </datafield>
  <datafield tag="630" ind1="0" ind2="7">
    <subfield code="a">Biblia.</subfield>
    <subfield code="p">Marcos</subfield>
  </datafield>
  <datafield tag="630" ind1="0" ind2="7">
    <subfield code="a">Biblia.</subfield>
    <subfield code="v">Mateo</subfield>
  </datafield>
  <datafield tag="650" ind1=" " ind2="7">
    <subfield code="9">327</subfield>
    <subfield code="a">Mujeres en la Biblia</subfield>
  </datafield>
  <datafield tag="653" ind1=" " ind2=" ">
    <subfield code="a">Evangelios sinopticos.</subfield>
  </datafield>
  <datafield tag="653" ind1=" " ind2=" ">
    <subfield code="a">Mujeres -- Cristianismo primitivo</subfield>
  </datafield>
  <datafield tag="942" ind1=" " ind2=" ">
    <subfield code="c">BK</subfield>
  </datafield>
  <datafield tag="945" ind1=" " ind2=" ">
    <subfield code="a">JTF-925</subfield>
    <subfield code="b">AEM-53</subfield>
  </datafield>
</record>
